[Event "NOR-ch Elite 2019"]
[Site "Larvik"]
[Date "2019.07.08"]
[Round "4.13"]
[White "Vitenberg, Noam Aviv"]
[Black "Ingebretsen, Jens E"]
[Result "1-0"]
[WhiteElo "2300"]
[BlackElo "2276"]
[Annotator "NA"]
[PlyCount "61"]
[EventDate "2019.07.05"]
[EventType "swiss"]
[EventCountry "NOR"]
[SourceTitle "playchess.com"]
[Source "ChessBase"]
[SourceQuality "1"]
[TimeControl "40/5400+30:1800+30"]

1. d4 {[%emt 0:00:00]} Nf6 {[%emt 0:00:00]} 2. c4 {[%emt 0:00:00]} b6 {[%emt 0:00:00]} 3. Nc3 {[%emt 0:06:16]} Bb7 {[%emt 0:00:00]} 4. d5 {[%emt 0:02:15]} c6 {[%emt 0:05:25]} 5. e4 {[%emt 0:01:13]} cxd5 {[%emt 0:02:10]} 6. cxd5 {[%emt 0:10:08]} e5 {[%emt 0:08:05]} 7. Bd3 {[%emt 0:03:07]} Bb4 {[%emt 0:00:49]} 8. Nge2 {[%emt 0:06:09]} Na6 {[%emt 0:04:41]} 9. a3 {[%emt 0:03:18]} Bxc3+ {[%emt 0:00:16]} 10. Nxc3 {[%emt 0:00:11]} Nc5 {[%emt 0:00:06]} 11. Bc2 {[%emt 0:00:46]} d6 {[%emt 0:03:34]} 12. O-O {[%emt 0:04:57]} O-O {[%emt 0:01:12]} 13. f4 {[%emt 0:04:20]} exf4 {[%emt 0:07:46]} 14. Bxf4 {[%emt 0:00:30]} Qe7 {[%emt 0:01:17]} 15. Bg5 {[%emt 0:04:14]} Ncd7 {[%emt 0:00:27]} 16. Qf3 {[%emt 0:04:21]} h6 {[%emt 0:05:33]} 17. Bh4 {[%emt 0:01:17]} Qe5 {[%emt 0:04:33]} 18. Rae1 {[%emt 0:03:16]} Rae8 {[%emt 0:03:09]} 19. Ba4 {[%emt 0:04:42]} Rc8 {[%emt 0:02:05]} 20. Nb5 {[%emt 0:02:21]} Rc4 {[%emt 0:18:42]} 21. Bg3 {[%emt 0:06:46]} Qxb2 {[%emt 0:02:04]} 22. Rf2 {[%emt 0:05:16]} Qxf2+ {[%emt 0:04:41]} 23. Bxf2 {[%emt 0:00:34]} Rxa4 {[%emt 0:00:11]} 24. Nxd6 {[%emt 0:00:18]} Ba8 {[%emt 0:00:51]} 25. Qb3 {[%emt 0:01:00]} Ra5 {[%emt 0:00:38]} 26. Nc4 {[%emt 0:03:11]} Ra6 {[%emt 0:02:23]} 27. Qb5 {[%emt 0:01:59]} Nb8 {[%emt 0:00:06]} 28. Bd4 {[%emt 0:06:23]} Ne8 {[%emt 0:02:11]} 29. Be5 {[%emt 0:00:40]} f5 {[%emt 0:04:49]} 30. Bxb8 {[%emt 0:00:23]} Bb7 {[%emt 0:00:09]} 31. e5 {[%emt 0:01:13]} 1-0

[Event "NOR-ch Elite 2019"]
[Site "Larvik"]
[Date "2019.07.09"]
[Round "5.1"]
[White "Urkedal, Frode Olav Olsen"]
[Black "Tari, Aryan"]
[Result "0-1"]
[WhiteElo "2566"]
[BlackElo "2620"]
[Annotator "RC"]
[PlyCount "138"]
[EventDate "2019.07.05"]
[EventType "swiss"]
[EventCountry "NOR"]
[SourceTitle "playchess.com"]
[Source "ChessBase"]
[SourceQuality "1"]
[TimeControl "40/5400+30:1800+30"]

1. c4 {[%emt 0:01:01]} g6 {[%emt 0:00:00]} 2. Nf3 {[%emt 0:04:16]} Bg7 {[%emt 0:00:27]} 3. d4 {[%emt 0:04:15]} Nf6 {[%emt 0:00:17]} 4. Nc3 {[%emt 0:00:10]} d5 {[%emt 0:00:06]} 5. cxd5 {[%emt 0:00:04]} Nxd5 {[%emt 0:00:03]} 6. e4 {[%emt 0:00:05]} Nxc3 {[%emt 0:00:07]} 7. bxc3 {[%emt 0:00:05]} c5 {[%emt 0:00:18]} 8. Be3 {[%emt 0:00:43]} Qa5 {[%emt 0:00:23]} 9. Qd2 {[%emt 0:00:07]} O-O {[%emt 0:00:38]} 10. Rc1 {[%emt 0:01:16]} Rd8 {[%emt 0:00:22]} 11. d5 {[%emt 0:00:19]} e6 {[%emt 0:00:21]} 12. Bg5 {[%emt 0:00:38]} f6 {[%emt 0:01:54]} 13. Be3 {[%emt 0:00:24]} Nc6 {[%emt 0:01:02]} 14. Bd3 {[%emt 0:00:40]} Ne7 {[%emt 0:01:21]} 15. c4 {[%emt 0:10:13]} Qxd2+ {[%emt 0:00:14]} 16. Nxd2 {[%emt 0:01:59]} b6 {[%emt 0:00:39]} 17. Be2 {[%emt 0:09:18]} Re8 {[%emt 0:04:53]} 18. O-O {[%emt 0:10:27]} Bd7 {[%emt 0:07:51]} 19. Rfe1 {[%emt 0:03:51]} f5 {[%emt 0:10:18]} 20. f3 {[%emt 0:10:34]} h6 {[%emt 0:03:59]} 21. h4 {[%emt 0:10:54]} Kh7 {[%emt 0:01:47]} 22. Bf2 {[%emt 0:01:01]} Be5 {[%emt 0:05:15]} 23. g3 {[%emt 0:07:29]} f4 {[%emt 0:05:15]} 24. Kg2 {[%emt 0:00:42]} Nc8 {[%emt 0:05:17]} 25. Bd3 {[%emt 0:04:27]} Nd6 {[%emt 0:03:22]} 26. Re2 {[%emt 0:02:50]} g5 {[%emt 0:05:05]} 27. hxg5 {[%emt 0:02:27]} hxg5 {[%emt 0:00:16]} 28. Nf1 {[%emt 0:01:46]} Kg7 {[%emt 0:03:15]} 29. Nh2 {[%emt 0:06:39]} exd5 {[%emt 0:05:32]} 30. exd5 {[%emt 0:03:31]} fxg3 {[%emt 0:00:41]} 31. Bxg3 {[%emt 0:00:19]} Bxg3 {[%emt 0:00:44]} 32. Kxg3 {[%emt 0:00:10]} Rxe2 {[%emt 0:02:11]} 33. Bxe2 {[%emt 0:00:05]} Rh8 {[%emt 0:01:45]} 34. Bd3 {[%emt 0:00:49]} Rh3+ {[%emt 0:02:01]} 35. Kg2 {[%emt 0:00:05]} Rh4 {[%emt 0:02:29]} 36. Rc3 {[%emt 0:01:26]} Kf6 {[%emt 0:02:08]} 37. Be2 {[%emt 0:02:11]} Bh3+ {[%emt 0:10:16]} 38. Kg3 {[%emt 0:00:53]} Bc8 {[%emt 0:00:14]} 39. Ra3 {[%emt 0:00:38]} Rh3+ {[%emt 0:06:20]} 40. Kg2 {[%emt 0:00:08]} Rh7 {[%emt 0:00:12]} 41. Ng4+ {[%emt 0:06:05]} Bxg4 {[%emt 0:04:06]} 42. fxg4 {[%emt 0:00:23]} Ke5 {[%emt 0:00:40]} 43. Re3+ {[%emt 0:09:36]} Kd4 {[%emt 0:00:14]} 44. Rd3+ {[%emt 0:01:12]} Ke4 {[%emt 0:00:09]} 45. Rd1 {[%emt 0:01:12]} Ke3 {[%emt 0:03:22]} 46. Bf1 {[%emt 0:09:25]} Rf7 {[%emt 0:02:26]} 47. Rd3+ {[%emt 0:01:40]} Ke4 {[%emt 0:00:34]} 48. Rd2 {[%emt 0:03:26]} Kf4 {[%emt 0:02:26]} 49. Re2 {[%emt 0:00:36]} Rf6 {[%emt 0:17:19]} 50. Re7 {[%emt 0:00:24]} Kxg4 {[%emt 0:00:37]} 51. Rxa7 {[%emt 0:00:37]} Nf5 {[%emt 0:00:07]} 52. Be2+ {[%emt 0:00:59]} Kf4 {[%emt 0:00:03]} 53. Bd3 {[%emt 0:00:56]} Nh4+ {[%emt 0:01:49]} 54. Kf2 {[%emt 0:00:05]} g4 {[%emt 0:00:27]} 55. Rg7 {[%emt 0:00:17]} Nf3 {[%emt 0:00:17]} 56. Be2 {[%emt 0:01:07]} Ne5 {[%emt 0:01:23]} 57. Rg8 {[%emt 0:00:04]} Ng6 {[%emt 0:03:04]} 58. Kg2 {[%emt 0:01:07]} g3 {[%emt 0:01:23]} 59. Bh5 {[%emt 0:00:13]} Nh4+ {[%emt 0:01:12]} 60. Kh3 {[%emt 0:00:04]} Nf5 {[%emt 0:00:22]} 61. Rg4+ {[%emt 0:00:31]} Ke3 {[%emt 0:02:14]} 62. Kg2 {[%emt 0:01:19]} Rh6 {[%emt 0:02:07]} 63. Rg5 {[%emt 0:00:26]} Kf4 {[%emt 0:00:10]} 64. Rg4+ {[%emt 0:00:29]} Ke5 {[%emt 0:00:01]} 65. Be8 {[%emt 0:00:19]} Rh2+ {[%emt 0:01:38]} 66. Kg1 {[%emt 0:00:06]} Rxa2 {[%emt 0:00:03]} 67. Bd7 {[%emt 0:01:24]} Ra1+ {[%emt 0:00:34]} 68. Kg2 {[%emt 0:00:05]} Ne3+ {[%emt 0:00:07]} 69. Kxg3 {[%emt 0:00:04]} Rg1+ {[%emt 0:00:35]} 0-1

[Event "NOR-ch Elite 2019"]
[Site "Larvik"]
[Date "2019.07.09"]
[Round "5.2"]
[White "Holm, Kristian Stuvik"]
[Black "Notkevich, Benjamin Arvola"]
[Result "1/2-1/2"]
[WhiteElo "2469"]
[BlackElo "2497"]
[Annotator "ChessBase"]
[PlyCount "100"]
[EventDate "2019.07.05"]
[EventType "swiss"]
[EventCountry "NOR"]
[SourceTitle "playchess.com"]
[Source "ChessBase"]
[SourceQuality "1"]
[TimeControl "40/5400+30:1800+30"]

1. d4 {[%emt 0:01:53]} Nf6 {[%emt 0:00:00]} 2. c4 {[%emt 0:00:05]} e6 {[%emt 0:00:00]} 3. Nf3 {[%emt 0:00:04]} b6 {[%emt 0:00:00]} 4. g3 {[%emt 0:00:09]} Ba6 {[%emt 0:00:00]} 5. Nbd2 {[%emt 0:01:25]} d5 {[%emt 0:00:17]} 6. Bg2 {[%emt 0:05:11]} Be7 {[%emt 0:00:21]} 7. O-O {[%emt 0:00:53]} O-O {[%emt 0:00:05]} 8. b3 {[%emt 0:01:31]} c5 {[%emt 0:01:33]} 9. Bb2 {[%emt 0:00:55]} Nc6 {[%emt 0:01:33]} 10. Rc1 {[%emt 0:05:03]} Rc8 {[%emt 0:00:43]} 11. dxc5 {[%emt 0:13:42]} bxc5 {[%emt 0:01:11]} 12. cxd5 {[%emt 0:00:15]} exd5 {[%emt 0:00:06]} 13. Ne5 {[%emt 0:00:14]} Nxe5 {[%emt 0:12:12]} 14. Bxe5 {[%emt 0:00:16]} Re8 {[%emt 0:01:36]} 15. Re1 {[%emt 0:01:09]} Bb7 {[%emt 0:35:04]} 16. e3 {[%emt 0:06:01]} Qb6 {[%emt 0:01:42]} 17. Qc2 {[%emt 0:05:58]} Bf8 {[%emt 0:04:13]} 18. Bb2 {[%emt 0:02:35]} h6 {[%emt 0:00:59]} 19. Qb1 {[%emt 0:12:34]} Rcd8 {[%emt 0:10:13]} 20. Qa1 {[%emt 0:09:34]} d4 {[%emt 0:13:22]} 21. Nc4 {[%emt 0:00:51]} Qb5 {[%emt 0:00:21]} 22. f3 {[%emt 0:07:07]} Nd5 {[%emt 0:02:01]} 23. Bf1 {[%emt 0:02:26]} Qd7 {[%emt 0:05:18]} 24. e4 {[%emt 0:02:04]} Nb4 {[%emt 0:00:44]} 25. a3 {[%emt 0:02:07]} Nc6 {[%emt 0:00:17]} 26. f4 {[%emt 0:01:53]} d3 {[%emt 0:01:48]} 27. Rcd1 {[%emt 0:00:57]} Nd4 {[%emt 0:02:12]} 28. Bxd4 {[%emt 0:00:09]} Qxd4+ {[%emt 0:00:47]} 29. Qxd4 {[%emt 0:00:05]} Rxd4 {[%emt 0:00:06]} 30. Bxd3 {[%emt 0:03:30]} Red8 {[%emt 0:00:04]} 31. Bc2 {[%emt 0:01:30]} Rxd1 {[%emt 0:00:13]} 32. Rxd1 {[%emt 0:01:22]} Rxd1+ {[%emt 0:00:11]} 33. Bxd1 {[%emt 0:00:03]} Bxe4 {[%emt 0:00:09]} 34. Kf2 {[%emt 0:00:16]} g6 {[%emt 0:03:18]} 35. Ke3 {[%emt 0:00:11]} Bd5 {[%emt 0:00:13]} 36. Bf3 {[%emt 0:01:39]} Be6 {[%emt 0:00:07]} 37. Be4 {[%emt 0:01:32]} Bg7 {[%emt 0:00:10]} 38. Bc2 {[%emt 0:03:12]} Bd4+ {[%emt 0:00:11]} 39. Kf3 {[%emt 0:00:10]} h5 {[%emt 0:00:50]} 40. f5 {[%emt 0:03:24]} gxf5 {[%emt 0:04:24]} 41. Ne3 {[%emt 0:31:39]} Bb2 {[%emt 0:21:34]} 42. a4 {[%emt 0:00:00]} Kg7 {[%emt 0:00:10]} 43. Nxf5+ {[%emt 0:00:00]} Kf6 {[%emt 0:00:04]} 44. Ne3 {[%emt 0:00:00]} Bd4 {[%emt 0:07:25]} 45. Ke4 {[%emt 0:00:00]} a5 {[%emt 0:00:11]} 46. Kf4 {[%emt 0:00:00]} Be5+ {[%emt 0:00:47]} 47. Kf3 {[%emt 0:00:00]} Kg5 {[%emt 0:01:36]} 48. h4+ {[%emt 0:00:00]} Kf6 {[%emt 0:00:42]} 49. g4 {[%emt 0:00:00]} hxg4+ {[%emt 0:02:30]} 50. Nxg4+ {[%emt 0:00:00]} Bxg4+ {[%emt 0:00:04]} 1/2-1/2

[Event "NOR-ch Elite 2019"]
[Site "Larvik"]
[Date "2019.07.09"]
[Round "5.3"]
[White "Lie, Kjetil A."]
[Black "Stokke, Kjetil"]
[Result "1-0"]
[WhiteElo "2538"]
[BlackElo "2336"]
[Annotator "ChessBase"]
[PlyCount "109"]
[EventDate "2019.07.05"]
[EventType "swiss"]
[EventCountry "NOR"]
[SourceTitle "playchess.com"]
[Source "ChessBase"]
[SourceQuality "1"]
[TimeControl "40/5400+30:1800+30"]

1. d4 {[%emt 0:02:21]} Nf6 {[%emt 0:02:49]} 2. Nf3 {[%emt 0:00:00]} g6 {[%emt 0:00:12]} 3. Bg5 {[%emt 0:00:00]} Bg7 {[%emt 0:00:11]} 4. c3 {[%emt 0:00:00]} O-O {[%emt 0:00:09]} 5. Nbd2 {[%emt 0:00:00]} d6 {[%emt 0:00:13]} 6. e4 {[%emt 0:00:00]} c5 {[%emt 0:00:05]} 7. dxc5 {[%emt 0:00:18]} dxc5 {[%emt 0:00:06]} 8. Bc4 {[%emt 0:00:37]} Nc6 {[%emt 0:00:30]} 9. Qe2 {[%emt 0:01:03]} Qc7 {[%emt 0:05:36]} 10. O-O {[%emt 0:01:17]} h6 {[%emt 0:00:08]} 11. Bxf6 {[%emt 0:01:29]} exf6 {[%emt 0:06:01]} 12. Nh4 {[%emt 0:02:04]} Ne7 {[%emt 0:02:51]} 13. f4 {[%emt 0:06:25]} f5 {[%emt 0:00:50]} 14. exf5 {[%emt 0:04:53]} b5 {[%emt 0:04:49]} 15. Bd3 {[%emt 0:23:26]} Nxf5 {[%emt 0:08:14]} 16. Nxf5 {[%emt 0:02:40]} c4 {[%emt 0:01:07]} 17. Ne7+ {[%emt 0:09:11]} Kh8 {[%emt 0:01:24]} 18. Bc2 {[%emt 0:01:58]} Bb7 {[%emt 0:12:42]} 19. Rae1 {[%emt 0:03:34]} Bf6 {[%emt 0:03:51]} 20. Nxg6+ {[%emt 0:12:29]} fxg6 {[%emt 0:01:03]} 21. Bxg6 {[%emt 0:00:11]} Bxc3 {[%emt 0:00:59]} 22. bxc3 {[%emt 0:03:00]} Qb6+ {[%emt 0:00:07]} 23. Rf2 {[%emt 0:01:06]} Qxg6 {[%emt 0:00:05]} 24. Qe5+ {[%emt 0:00:18]} Qg7 {[%emt 0:00:13]} 25. Qxb5 {[%emt 0:07:04]} Rxf4 {[%emt 0:00:39]} 26. Qe5 {[%emt 0:00:54]} Rxf2 {[%emt 0:03:00]} 27. Qxg7+ {[%emt 0:00:06]} Kxg7 {[%emt 0:00:06]} 28. Kxf2 {[%emt 0:00:04]} Rd8 {[%emt 0:02:32]} 29. Nxc4 {[%emt 0:07:23]} Ba6 {[%emt 0:00:53]} 30. Re7+ {[%emt 0:02:18]} Kf6 {[%emt 0:00:35]} 31. Rc7 {[%emt 0:00:05]} Bxc4 {[%emt 0:00:15]} 32. Rxc4 {[%emt 0:00:08]} Rd2+ {[%emt 0:00:03]} 33. Kf3 {[%emt 0:00:11]} Rxa2 {[%emt 0:00:05]} 34. h4 {[%emt 0:00:36]} Kg6 {[%emt 0:08:15]} 35. Rc6+ {[%emt 0:01:09]} Kg7 {[%emt 0:01:40]} 36. Rc7+ {[%emt 0:00:14]} Kg6 {[%emt 0:00:07]} 37. Rc6+ {[%emt 0:00:04]} Kg7 {[%emt 0:00:06]} 38. g3 {[%emt 0:05:27]} a5 {[%emt 0:04:25]} 39. Kg4 {[%emt 0:01:03]} Re2 {[%emt 0:00:18]} 40. Rc7+ {[%emt 0:01:16]} Kg6 {[%emt 0:02:40]} 41. h5+ {[%emt 0:18:08]} Kf6 {[%emt 0:00:35]} 42. Rh7 {[%emt 0:00:29]} Re4+ {[%emt 0:00:08]} 43. Kh3 {[%emt 0:00:11]} a4 {[%emt 0:18:10]} 44. g4 {[%emt 0:00:54]} Kg5 {[%emt 0:00:15]} 45. Rg7+ {[%emt 0:00:05]} Kf4 {[%emt 0:00:06]} 46. Rf7+ {[%emt 0:03:30]} Ke3 {[%emt 0:00:15]} 47. Kg3 {[%emt 0:05:19]} a3 {[%emt 0:08:49]} 48. Ra7 {[%emt 0:00:41]} Rf4 {[%emt 0:00:09]} 49. Rxa3 {[%emt 0:01:05]} Rf3+ {[%emt 0:00:12]} 50. Kh4 {[%emt 0:00:23]} Rf1 {[%emt 0:00:56]} 51. Ra6 {[%emt 0:00:23]} Rh1+ {[%emt 0:00:10]} 52. Kg3 {[%emt 0:00:04]} Rg1+ {[%emt 0:00:07]} 53. Kh3 {[%emt 0:00:07]} Kf4 {[%emt 0:00:29]} 54. Rf6+ {[%emt 0:00:09]} Kg5 {[%emt 0:00:03]} 55. Rf5# {[%emt 0:00:06]} 1-0

[Event "NOR-ch Elite 2019"]
[Site "Larvik"]
[Date "2019.07.09"]
[Round "5.4"]
[White "Elsness, Frode"]
[Black "Christiansen, Johan-Sebastian"]
[Result "0-1"]
[WhiteElo "2436"]
[BlackElo "2548"]
[Annotator "ChessBase"]
[PlyCount "116"]
[EventDate "2019.07.05"]
[EventType "swiss"]
[EventCountry "NOR"]
[SourceTitle "playchess.com"]
[Source "ChessBase"]
[SourceQuality "1"]
[TimeControl "40/5400+30:1800+30"]

1. c4 {[%emt 0:01:20]} e6 {[%emt 0:01:27]} 2. Nf3 {[%emt 0:00:00]} d5 {[%emt 0:00:09]} 3. g3 {[%emt 0:00:15]} Nf6 {[%emt 0:00:07]} 4. b3 {[%emt 0:02:57]} d4 {[%emt 0:01:32]} 5. e3 {[%emt 0:00:42]} Nc6 {[%emt 0:00:05]} 6. exd4 {[%emt 0:06:37]} Nxd4 {[%emt 0:00:23]} 7. Bb2 {[%emt 0:01:38]} Bc5 {[%emt 0:07:42]} 8. Bg2 {[%emt 0:00:30]} e5 {[%emt 0:00:02]} 9. O-O {[%emt 0:19:45]} O-O {[%emt 0:09:04]} 10. Nc3 {[%emt 0:09:42]} Bg4 {[%emt 0:26:13]} 11. d3 {[%emt 0:01:13]} c6 {[%emt 0:01:20]} 12. Na4 {[%emt 0:04:48]} Nd7 {[%emt 0:02:34]} 13. Rc1 {[%emt 0:11:42]} Qf6 {[%emt 0:10:38]} 14. Bxd4 {[%emt 0:00:52]} exd4 {[%emt 0:00:02]} 15. Nxc5 {[%emt 0:09:41]} Nxc5 {[%emt 0:00:11]} 16. b4 {[%emt 0:00:56]} Ne6 {[%emt 0:07:07]} 17. h3 {[%emt 0:00:12]} Bh5 {[%emt 0:00:09]} 18. Re1 {[%emt 0:02:35]} a5 {[%emt 0:00:24]} 19. b5 {[%emt 0:02:02]} Nc5 {[%emt 0:05:46]} 20. bxc6 {[%emt 0:01:54]} bxc6 {[%emt 0:00:14]} 21. Rc2 {[%emt 0:02:37]} h6 {[%emt 0:11:39]} 22. Rd2 {[%emt 0:03:18]} Rae8 {[%emt 0:04:03]} 23. Rxe8 {[%emt 0:03:45]} Rxe8 {[%emt 0:00:02]} 24. Re2 {[%emt 0:00:10]} Rxe2 {[%emt 0:09:43]} 25. Qxe2 {[%emt 0:00:02]} Bxf3 {[%emt 0:00:06]} 26. Bxf3 {[%emt 0:03:07]} g6 {[%emt 0:00:01]} 27. Kg2 {[%emt 0:01:54]} Kg7 {[%emt 0:00:01]} 28. Qd2 {[%emt 0:01:02]} a4 {[%emt 0:00:40]} 29. a3 {[%emt 0:01:24]} Qf5 {[%emt 0:02:04]} 30. Bxc6 {[%emt 0:01:32]} Nxd3 {[%emt 0:00:21]} 31. Kg1 {[%emt 0:02:08]} Ne5 {[%emt 0:00:43]} 32. Qxd4 {[%emt 0:00:44]} Qf6 {[%emt 0:00:04]} 33. Qd5 {[%emt 0:03:23]} Nxc6 {[%emt 0:00:05]} 34. Qb5 {[%emt 0:00:02]} Nd4 {[%emt 0:01:05]} 35. Qxa4 {[%emt 0:00:06]} Qf3 {[%emt 0:01:03]} 36. Qa7 {[%emt 0:00:29]} Nc2 {[%emt 0:00:23]} 37. a4 {[%emt 0:00:22]} Qd1+ {[%emt 0:00:35]} 38. Kh2 {[%emt 0:00:43]} Qd4 {[%emt 0:00:37]} 39. Qxd4+ {[%emt 0:01:07]} Nxd4 {[%emt 0:00:02]} 40. a5 {[%emt 0:01:06]} Kf6 {[%emt 0:00:17]} 41. Kg2 {[%emt 0:04:19]} Ke5 {[%emt 0:01:17]} 42. a6 {[%emt 0:01:44]} Nc6 {[%emt 0:00:04]} 43. Kf3 {[%emt 0:00:07]} Kd4 {[%emt 0:10:38]} 44. h4 {[%emt 0:14:11]} Kxc4 {[%emt 0:02:23]} 45. Ke4 {[%emt 0:00:44]} Kc5 {[%emt 0:04:36]} 46. a7 {[%emt 0:01:52]} Nxa7 {[%emt 0:00:06]} 47. Ke5 {[%emt 0:00:01]} Nb5 {[%emt 0:00:57]} 48. g4 {[%emt 0:02:04]} Nd6 {[%emt 0:01:57]} 49. Kf6 {[%emt 0:01:15]} Kd4 {[%emt 0:02:16]} 50. Kg7 {[%emt 0:03:22]} h5 {[%emt 0:00:33]} 51. gxh5 {[%emt 0:00:09]} gxh5 {[%emt 0:00:04]} 52. Kh6 {[%emt 0:00:03]} Ke5 {[%emt 0:00:23]} 53. Kxh5 {[%emt 0:00:09]} Kf5 {[%emt 0:00:28]} 54. Kh6 {[%emt 0:00:05]} Kg4 {[%emt 0:03:29]} 55. Kg7 {[%emt 0:01:27]} f5 {[%emt 0:00:06]} 56. Kf6 {[%emt 0:00:32]} Ne4+ {[%emt 0:00:05]} 57. Kg6 {[%emt 0:01:53]} Nxf2 {[%emt 0:00:13]} 58. h5 {[%emt 0:00:02]} Nh3 {[%emt 0:00:12]} 0-1

[Event "NOR-ch Elite 2019"]
[Site "Larvik"]
[Date "2019.07.09"]
[Round "5.5"]
[White "Hammer, Jon Ludvig"]
[Black "Getz, Nicolai"]
[Result "1-0"]
[WhiteElo "2637"]
[BlackElo "2377"]
[Annotator "TA"]
[PlyCount "121"]
[EventDate "2019.07.05"]
[EventType "swiss"]
[EventCountry "NOR"]
[SourceTitle "playchess.com"]
[Source "ChessBase"]
[SourceQuality "1"]

{[%evp 19,121,29,18,15,13,23,23,25,20,22,20,17,24,-7,23,24,26,20,35,45,25,9,8,2,12,0,0,-16,0,0,0,-31,-35,-25,-33,-29,-18,-41,0,0,0,0,17,17,17,17,17,17,17,17,33,17,17,17,21,17,17,17,17,17,23,17,18,18,25,22,18,29,29,0,0,0,0,0,126,126,126,0,0,0,0,0,16,0,16,16,16,16,147,129,288,286,277,277,245,233,29974,29975,29992,29993,29993,29994,29994,29995]} 1. e4 e5 2. Nf3 Nc6 3. Bb5 a6 4. Ba4 Nf6 5. O-O b5 6. Bb3 Bb7 7. d3 Be7 8. Nc3 O-O 9. Nd5 Na5 10. Nxe7+ Qxe7 11. Nh4 {C84: Closed Ruy Lopez: Unusual White 6th moves} Nxb3 12. Nf5 Qe6 $1 13. axb3 {White has an edge.} d5 14. f3 $1 Ne8 15. Be3 (15. Qe1 Nd6 16. Ne3 f6 17. exd5 Bxd5 18. Nxd5 Qxd5 {½-½ (42) Hovhannisyan,R (2637)-Grischuk,A (2771) St Petersburg 2018}) 15... Nd6 16. g4 $146 ({Predecessor:} 16. Ng3 a5 17. Qe1 a4 18. Qb4 d4 {½-½ (41) Chaika,I (2442)-Pranjic,M (2343) ICCF email 2016}) 16... g6 17. Nh6+ Kg7 18. g5 f5 {[%cal Rf5e4]} 19. gxf6+ Rxf6 20. Bg5 Rff8 21. Qd2 Nf7 22. Nxf7 Rxf7 23. Kg2 Bc8 24. Bh6+ Kg8 {[#]} 25. Qg5 $1 {[%mdl 512] Qd8+ would kill now.} Qh3+ 26. Kg1 {White wants to mate with Qd8+.} Bb7 27. Qe3 Re8 28. Rf2 Kh8 (28... d4 $5 {[%cal Rd4e3]} 29. Qd2 c5 $15) 29. Kh1 d4 30. Qg5 Rxf3 31. Rxf3 Qxf3+ 32. Kg1 Bc8 $1 33. Rf1 Qg4+ 34. Qxg4 Bxg4 $11 {[%mdl 4096] Endgame KRB-KRB} 35. b4 Kg8 36. Kg2 Be6 37. Rf6 Kh8 38. Kf2 Kg8 39. Kg3 Kh8 40. Kh4 Kg8 41. Kg5 Kh8 42. c3 dxc3 43. bxc3 Kg8 44. h4 Bb3 45. Rf2 Bf7 46. Rf1 Re6 (46... Rd8 $11 {remains equal.}) 47. Rf6 $1 $16 {[%mdl 1024] White has strong compensation.} Rd6 {[#]} 48. Rf3 ({White should play} 48. d4 $1 $16 {[%mdl 512]}) 48... Rd8 $11 49. Kf6 Re8 50. Rf2 Re6+ 51. Kg5 Rd6 {[#]} 52. d4 $1 {[%mdl 512]} exd4 53. e5 Rd5 (53... Rd8 $11 54. cxd4 Bd5) 54. cxd4 $16 Rxd4 $2 {[#]} (54... Rd8 $16) 55. e6 $1 $18 {[%cal Re6f7][%mdl 512]} Rd5+ (55... Bxe6 56. Rf8#) 56. Kf6 Rd6 57. Re2 Rc6 $2 (57... a5 $18) 58. Ke7 {White mates.} Rxe6+ 59. Rxe6 Bxe6 60. Kxe6 c6 61. Kf6 {Accuracy: White = 66%, Black = 52%.} 1-0

[Event "NOR-ch Elite 2019"]
[Site "Larvik"]
[Date "2019.07.09"]
[Round "5.6"]
[White "Hauge, Lars Oskar"]
[Black "Vestby-Ellingsen, Mads"]
[Result "1-0"]
[WhiteElo "2476"]
[BlackElo "2335"]
[Annotator "ChessBase"]
[PlyCount "59"]
[EventDate "2019.07.05"]
[EventType "swiss"]
[EventCountry "NOR"]
[SourceTitle "playchess.com"]
[Source "ChessBase"]
[SourceQuality "1"]
[TimeControl "40/5400+30:1800+30"]

1. e4 {[%emt 0:03:06]} c5 {[%emt 0:00:00]} 2. b3 {[%emt 0:00:04]} d6 {[%emt 0:04:23]} 3. Bb2 {[%emt 0:00:57]} e5 {[%emt 0:01:06]} 4. f4 {[%emt 0:01:18]} exf4 {[%emt 0:01:38]} 5. Nf3 {[%emt 0:00:04]} Nf6 {[%emt 0:01:21]} 6. Nc3 {[%emt 0:01:39]} Be7 {[%emt 0:03:31]} 7. d4 {[%emt 0:03:50]} O-O {[%emt 0:11:12]} 8. dxc5 {[%emt 0:08:26]} dxc5 {[%emt 0:01:56]} 9. Bc4 {[%emt 0:00:04]} Nc6 {[%emt 0:03:10]} 10. O-O {[%emt 0:02:09]} Bd6 {[%emt 0:17:14]} 11. Re1 {[%emt 0:26:18]} Ng4 {[%emt 0:11:23]} 12. Nd5 {[%emt 0:01:56]} Nce5 {[%emt 0:00:52]} 13. Bf1 {[%emt 0:03:27]} Nxf3+ {[%emt 0:12:18]} 14. Qxf3 {[%emt 0:01:24]} Ne5 {[%emt 0:02:17]} 15. Qc3 {[%emt 0:03:21]} Qg5 {[%emt 0:01:22]} 16. Kh1 {[%emt 0:01:29]} Qh6 {[%emt 0:03:09]} 17. Qd2 {[%emt 0:01:11]} Bd7 {[%emt 0:14:30]} 18. Qxf4 {[%emt 0:03:36]} Qxf4 {[%emt 0:00:30]} 19. Nxf4 {[%emt 0:00:06]} Rad8 {[%emt 0:00:48]} 20. Rad1 {[%emt 0:00:23]} Bb8 {[%emt 0:00:10]} 21. Rd5 {[%emt 0:00:55]} Ng4 {[%emt 0:01:23]} 22. Nh5 {[%emt 0:05:26]} Rfe8 {[%emt 0:05:55]} 23. Nxg7 {[%emt 0:00:39]} Re7 {[%emt 0:00:45]} 24. Nh5 {[%emt 0:03:11]} Be5 {[%emt 0:00:35]} 25. Bxe5 {[%emt 0:00:22]} Rxe5 {[%emt 0:00:31]} 26. Nf6+ {[%emt 0:00:16]} Nxf6 {[%emt 0:00:30]} 27. Rxe5 {[%emt 0:00:09]} Kf8 {[%emt 0:00:28]} 28. Bc4 {[%emt 0:00:18]} Ng4 {[%emt 0:00:28]} 29. Rxc5 {[%emt 0:00:30]} Bc6 {[%emt 0:00:30]} 30. Rf5 {[%emt 0:00:21]} 1-0